| 000 | 00421pam a2200157a 44500 | ||
|---|---|---|---|
| 008 | 230515b1999 xxu||||| |||| 00| 0 eng d | ||
| 020 | _a81-85099-03-0 | ||
| 041 | _aENGL | ||
| 082 | _a306.4 SHA. | ||
| 100 | _a"SHARMA R. N.," | ||
| 245 | _aINDIAN SOCIETY | ||
| 250 | _a0 | ||
| 260 |
_aBOMBAY _bMEDIA PROMOTERS AND PUBLISHERS PVT LTD _c1999 |
||
| 300 | _aNULL | ||
| 650 | _a"SOCIOLOGY,CULTURE AND INSTIONS,TRIBAL,HINDU" | ||
| 999 |
_c532741 _d532741 |
||